[Event "Baleares-chT"]
[Site "Palma de Mallorca"]
[Date "2022.02.05"]
[Round "3.4"]
[White "Fuster Orfila, Xim"]
[Black "Ferrer Agius, Rodrigo"]
[Result "1-0"]
[WhiteElo "1900"]
[BlackElo "1683"]
[PlyCount "61"]
[EventDate "2022.01.22"]
[EventType "team-tourn"]
[EventRounds "7"]
[EventCountry "ESP"]
[SourceTitle "EXT 2023"]
[Source "ChessBase"]
[SourceDate "2022.10.05"]
[SourceVersion "1"]
[SourceVersionDate "2022.10.05"]
[SourceQuality "1"]
[WhiteTeam "Son Dameto"]
[BlackTeam "La Balanguera"]
[WhiteTeamCountry "ESP"]
[BlackTeamCountry "ESP"]

1. e4 e5 2. Nf3 Nc6 3. d4 exd4 4. Bc4 Nf6 5. e5 d5 6. Bb5 Ne4 7. Nxd4 Bd7 8. 0-0 Nxd4 9. Bxd7+ Qxd7 10. Qxd4 Bc5 11. Qd3 0-0 12. Nd2 Nxd2 13. Bxd2 Rfe8 14. b4 Bb6 15. c4 c6 16. Bc3 Rad8 17. Rad1 Qg4 18. c5 Bc7 19. f4 b5 20. Rf3 Qg6 21. f5 Qg4 22. Rg3 Qe4 23. Re1 Qxd3 24. Rxd3 a5 25. bxa5 Ra8 26. Re2 Bxa5 27. Bd4 Bb4 28. e6 fxe6 29. fxe6 Kf8 30. Rf3+ Kg8 31. Rf7 1-0

[Event "Calvia Amateur op 17th"]
[Site "Calvia"]
[Date "2020.10.13"]
[Round "4"]
[White "Ferrer Agius, Rodrigo"]
[Black "Lopez Gonzalez, Miguel"]
[Result "1-0"]
[WhiteElo "1716"]
[BlackElo "1829"]
[PlyCount "52"]
[EventDate "2020.10.10"]
[EventType "swiss"]
[EventRounds "9"]
[EventCountry "ESP"]
[SourceTitle "CBM 198 Extra"]
[Source "ChessBase"]
[SourceDate "2020.11.30"]
[SourceVersion "1"]
[SourceVersionDate "2020.11.30"]
[SourceQuality "1"]

1. e4 c5 2. Nc3 Nc6 3. f4 g6 4. Nf3 Bg7 5. Bb5 e6 6. Bxc6 bxc6 7. 0-0 Ne7 8. d3 d5 9. Qe1 0-0 10. Qh4 Ba6 11. Re1 Re8 12. Ng5 h6 13. Nf3 Nc8 14. Qh3 Nd6 15. f5 exf5 16. e5 Nb5 17. Bxh6 Nd4 18. Nxd4 cxd4 19. Bxg7 Kxg7 20. Na4 Bb5 21. Nc5 Qe7 22. b4 a5 23. Nb3 axb4 24. Nxd4 Ba4 25. Qg3 Qd7 26. Qg5 Qe7 1-0